| 000 | 00526nam a2200181Ia 4500 | ||
|---|---|---|---|
| 003 | GCL | ||
| 008 | 140319s9999 xx 000 0 ara d | ||
| 040 |
_aGCL / _cGCL |
||
| 082 | 0 | 4 |
_a843.03 _bف ك |
| 100 | 1 | _aفولتير | |
| 245 | 1 | 0 |
_aكنديد أو التفاؤل (هديه من الآديب عبدالفتاح الجمل) / _cفولتير |
| 700 | 1 | _aعادل زعيتر | |
| 300 | _a292 | ||
| 490 |
_aكتاب _v0 |
||
| 650 | 0 | 4 | _aالادب |
| 650 | 0 | 4 | _aالادب الفرنسى المترجم |
| 942 |
_2ddc _cBK |
||
| 999 |
_c42375 _d42375 |
||